[Event "20th EUR-ch"]
[Site "Skopje MKD"]
[Date "2019.03.24"]
[Round "6"]
[White "Moroni, Luca jr"]
[Black "Zarubitski, Viachaslau"]
[Result "1-0"]
[WhiteElo "2564"]
[BlackElo "2404"]
[EventDate "2019.03.18"]
[Board "62"]
[PlyCount "37"]

1.d4 d5 2.c4 c6 3.Nf3 Nf6 4.e3 Bf5 5.Nc3 a6 6.Ne5 Nbd7 7.Qb3 Ra7 8.cxd5 
cxd5 9.f3 Be6 10.Nd3 Qb6 11.Nf4 Qd6 12.Bd2 g5 13.Rc1 Nb8 14.Nxe6 fxe6 15.
Na4 b5 16.Nc5 Bg7 17.Bb4 Rc7 18.Rc2 O-O 19.Nxa6 1-0

[Event "20th EUR-ch"]
[Site "Skopje MKD"]
[Date "2019.03.24"]
[Round "6"]
[White "Janik, Igor"]
[Black "Petrosian, Manuel"]
[Result "0-1"]
[WhiteElo "2454"]
[BlackElo "2564"]
[EventDate "2019.03.18"]
[Board "63"]
[PlyCount "100"]

1.d4 Nf6 2.c4 e6 3.g3 d5 4.Nf3 Bb4+ 5.Nbd2 O-O 6.Bg2 b6 7.cxd5 exd5 8.O-O 
Bb7 9.Qb3 Nc6 10.Ne5 Bd6 11.Nxc6 Bxc6 12.Qc2 Bb5 13.Nb1 Bd7 14.Nc3 c6 15.
a4 a5 16.b3 Re8 17.Ba3 Bb4 18.Bxb4 axb4 19.Nd1 Ne4 20.f3 Ng5 21.Qd2 Qe7 
22.Re1 Ne6 23.Nf2 c5 24.e3 c4 25.f4 c3 26.Qc2 Ra5 27.Rad1 Nf8 28.Bf3 Qd6 
29.Kg2 b5 30.axb5 Rea8 31.e4 Ra2 32.Qd3 dxe4 33.Bxe4 R8a5 34.Bc6 Bxc6+ 35.
bxc6 Qxc6+ 36.d5 Qb7 37.Qe4 Rb2 38.Kf3 Rxb3 39.Rd3 Ra2 40.Qc4 Rbb2 41.Ne4 
c2 42.Rc1 Ra3 43.Nc5 Qc8 44.Qd4 Rxd3+ 45.Nxd3 Rb1 46.Ke2 Qg4+ 47.Ke3 Qd1 
48.d6 Rxc1 49.d7 Qg1+ 50.Nf2 Rd1 0-1

[Event "20th EUR-ch"]
[Site "Skopje MKD"]
[Date "2019.03.24"]
[Round "6"]
[White "Santos Ruiz, Miguel"]
[Black "Mazur, Stefan"]
[Result "1-0"]
[WhiteElo "2560"]
[BlackElo "2441"]
[EventDate "2019.03.18"]
[Board "64"]
[PlyCount "53"]

1.d4 d5 2.c4 e6 3.Nc3 Be7 4.cxd5 exd5 5.Bf4 c6 6.e3 Bf5 7.g4 Be6 8.h4 Nd7 
9.g5 h6 10.g6 fxg6 11.Bd3 Nf8 12.Qb3 Qb6 13.Qc2 Bf6 14.Nge2 Ne7 15.Na4 
Qa5+ 16.Nec3 Nd7 17.b4 Qxb4 18.Rb1 Qa5 19.Rxb7 O-O 20.Bc7 Nb6 21.Qb3 Bc8 
22.Rxb6 axb6 23.Bxb6 Ba6 24.Bxa5 Bxd3 25.Bc7 Bc4 26.Qc2 Nf5 27.Nb6 1-0

[Event "20th EUR-ch"]
[Site "Skopje MKD"]
[Date "2019.03.24"]
[Round "6"]
[White "Macovei, Andrei"]
[Black "Tsydypov, Zhamsaran"]
[Result "1/2-1/2"]
[WhiteElo "2450"]
[BlackElo "2551"]
[EventDate "2019.03.18"]
[Board "65"]
[PlyCount "44"]

1.e4 c5 2.Nf3 d6 3.d4 cxd4 4.Nxd4 Nf6 5.Nc3 a6 6.Be3 e5 7.Nf3 Be7 8.Bc4 
O-O 9.O-O Be6 10.Bxe6 fxe6 11.Na4 Ng4 12.Qd3 Nxe3 13.Qxe3 b5 14.Nb6 Ra7 
15.Nd5 Rb7 16.Qd2 Kh8 17.Nxe7 Qxe7 18.Rfd1 Rb6 19.Qe3 Rc6 20.Rd2 Nd7 21.
Qb3 Rfc8 22.Rad1 R8c7 1/2-1/2

[Event "20th EUR-ch"]
[Site "Skopje MKD"]
[Date "2019.03.24"]
[Round "6"]
[White "Pultinevicius, Paulius"]
[Black "Kadric, Denis"]
[Result "1/2-1/2"]
[WhiteElo "2439"]
[BlackElo "2547"]
[EventDate "2019.03.18"]
[Board "66"]
[PlyCount "79"]

1.d4 d6 2.g3 g6 3.Bg2 Bg7 4.e4 Nf6 5.Ne2 O-O 6.Nbc3 e5 7.h3 c6 8.O-O b5 9.
a3 Nbd7 10.Be3 Bb7 11.Qd2 Re8 12.Rad1 a5 13.dxe5 Nxe5 14.b3 Bf8 15.Bh6 Be7
16.Rfe1 b4 17.axb4 axb4 18.Na4 Qc7 19.Qxb4 c5 20.Qd2 Nxe4 21.Qf4 f5 22.
Nec3 Rxa4 23.bxa4 Nxc3 24.Bxb7 Qxb7 25.Rxe5 Nxd1 26.Qc4+ d5 27.Rxd5 Nb2 
28.Qa2 c4 29.Rb5 Qc6 30.Qxb2 Bf6 31.Qb4 Be7 32.Qd2 Rd8 33.Qe2 Kf7 34.Be3 
Qe4 35.Rb1 c3 36.Re1 Ra8 37.Qd1 Rd8 38.Qe2 Ra8 39.Qd1 Rd8 40.Qe2 1/2-1/2

[Event "20th EUR-ch"]
[Site "Skopje MKD"]
[Date "2019.03.24"]
[Round "6"]
[White "Zhigalko, Andrei"]
[Black "Zlatanovic, Boroljub"]
[Result "0-1"]
[WhiteElo "2541"]
[BlackElo "2376"]
[EventDate "2019.03.18"]
[Board "67"]
[PlyCount "80"]

1.d4 g6 2.e4 Bg7 3.Nc3 c6 4.f4 d5 5.e5 h5 6.Be3 Nh6 7.h3 Nf5 8.Bf2 h4 9.
Bd3 b6 10.Nf3 e6 11.Qe2 a5 12.Nd1 Ba6 13.Bxa6 Nxa6 14.Ne3 Nc7 15.O-O Bf8 
16.b3 Be7 17.c4 Nxe3 18.Bxe3 Kf8 19.Rac1 Qd7 20.Rc2 a4 21.Bf2 axb3 22.axb3
Ra3 23.Rb1 Kg7 24.Ra2 Rxa2 25.Qxa2 dxc4 26.bxc4 b5 27.Rc1 bxc4 28.Rxc4 Nd5
29.Qd2 Qb7 30.Kh2 Qb1 31.Rxc6 Qe4 32.Ra6 Bb4 33.Qc1 Qe2 34.f5 Qxa6 35.f6+ 
Kg8 36.Bxh4 Qe2 37.Bg5 Rh5 38.Bh6 Bf8 39.Bxf8 Ne3 40.Ne1 Rg5 0-1

[Event "20th EUR-ch"]
[Site "Skopje MKD"]
[Date "2019.03.24"]
[Round "6"]
[White "Dimitrov, Radoslav"]
[Black "Mitsis, Georgios"]
[Result "1-0"]
[WhiteElo "2533"]
[BlackElo "2338"]
[EventDate "2019.03.18"]
[Board "68"]
[PlyCount "69"]

1.c4 c5 2.Nc3 Nc6 3.g3 g6 4.Bg2 Bg7 5.Nf3 e6 6.d4 cxd4 7.Nb5 d6 8.Nbxd4 
Nxd4 9.Nxd4 Ne7 10.O-O O-O 11.Nb5 d5 12.Bf4 Bd7 13.Nc7 e5 14.Bg5 Qxc7 15.
Bxe7 dxc4 16.Bd6 Qc8 17.Bxf8 Bxf8 18.Qd5 Rb8 19.Rad1 Be8 20.Qxe5 Bg7 21.
Qf4 Bxb2 22.Bh3 f5 23.e4 c3 24.exf5 Ra8 25.Rfe1 c2 26.Rxe8+ Qxe8 27.Qc4+ 
Kh8 28.Qxc2 Bf6 29.fxg6 hxg6 30.Rd6 Qf8 31.Rd7 Rd8 32.Rxd8 Bxd8 33.Qxg6 
Qg7 34.Qxg7+ Kxg7 35.f4 1-0

[Event "20th EUR-ch"]
[Site "Skopje MKD"]
[Date "2019.03.24"]
[Round "6"]
[White "Gines Esteo, Pedro Antonio"]
[Black "Lobanov, Sergei"]
[Result "0-1"]
[WhiteElo "2372"]
[BlackElo "2526"]
[EventDate "2019.03.18"]
[Board "70"]
[PlyCount "46"]

1.d4 Nf6 2.Nf3 e6 3.g3 c5 4.Bg2 cxd4 5.Nxd4 d5 6.c4 e5 7.Nb3 d4 8.O-O Nc6 
9.f4 e4 10.f5 h5 11.Bg5 Be7 12.Bh4 Kf8 13.N1d2 a5 14.Nxe4 a4 15.Bxf6 gxf6 
16.Nbd2 Ne5 17.c5 Bd7 18.Rc1 Bb5 19.Nf2 Rc8 20.b4 b6 21.Nde4 Kg7 22.Nd6 
Bxd6 23.cxd6 Qxd6 0-1

[Event "20th EUR-ch"]
[Site "Skopje MKD"]
[Date "2019.03.24"]
[Round "6"]
[White "Murzin, Volodar"]
[Black "Basso, Pier Luigi"]
[Result "1-0"]
[WhiteElo "2337"]
[BlackElo "2521"]
[EventDate "2019.03.18"]
[Board "71"]
[PlyCount "83"]

1.e4 c5 2.Nf3 e6 3.g3 d5 4.exd5 exd5 5.d4 Nf6 6.Bg2 Be7 7.O-O O-O 8.dxc5 
Bxc5 9.Nc3 h6 10.a3 a5 11.Bf4 Nc6 12.Qd2 b6 13.Nb5 Ba6 14.a4 Nb4 15.Qd1 
Ne4 16.c3 Nc6 17.Nd2 f5 18.Nb3 Na7 19.c4 Nxb5 20.axb5 Bb7 21.Nxc5 bxc5 22.
cxd5 Bxd5 23.b6 Qd7 24.Bc7 Qf7 25.f3 Nf6 26.Qc2 Nd7 27.Rfd1 Bb3 28.Rxd7 
Bxc2 29.Rxf7 Kxf7 30.Rc1 Bd3 31.f4 Be4 32.Rxc5 Bxg2 33.Kxg2 Kg6 34.b7 Rab8
35.Rb5 Kf6 36.Kf3 Ke6 37.Rb6+ Kf7 38.Bxb8 Rxb8 39.Ke3 Ke7 40.Kd4 Kd7 41.
Kc5 Kc7 42.Rc6+ 1-0

[Event "20th EUR-ch"]
[Site "Skopje MKD"]
[Date "2019.03.24"]
[Round "6"]
[White "Martic, Zlatko"]
[Black "Ruck, Robert"]
[Result "0-1"]
[WhiteElo "2261"]
[BlackElo "2521"]
[EventDate "2019.03.18"]
[Board "72"]
[PlyCount "82"]

1.d4 Nf6 2.c4 e6 3.Nf3 d5 4.Nc3 Bb4 5.cxd5 exd5 6.Bg5 h6 7.Bxf6 Qxf6 8.
Qa4+ Nc6 9.a3 Bxc3+ 10.bxc3 O-O 11.e3 Qg6 12.Nh4 Qe4 13.Nf3 Bd7 14.Qd1 Bf5
15.Be2 Na5 16.O-O Qe7 17.Nd2 Rfd8 18.Re1 c5 19.Nb3 Nxb3 20.Qxb3 Rac8 21.
Bf3 Be6 22.a4 Rd6 23.a5 Rdc6 24.Rab1 R8c7 25.Qb5 cxd4 26.cxd4 Rc4 27.h3 
Qd8 28.e4 dxe4 29.Bxe4 Rxd4 30.Bxb7 Qd7 31.Qa6 Bd5 32.Bxd5 Rxd5 33.Rbc1 
Rxc1 34.Rxc1 Kh7 35.Rb1 Qc7 36.Ra1 Qe5 37.Rc1 Rxa5 38.Qd3+ g6 39.Qb1 h5 
40.h4 Rd5 41.g3 Rd2 0-1

[Event "20th EUR-ch"]
[Site "Skopje MKD"]
[Date "2019.03.24"]
[Round "6"]
[White "Emanuel, Yahav"]
[Black "Demidov, Mikhail"]
[Result "0-1"]
[WhiteElo "2245"]
[BlackElo "2520"]
[EventDate "2019.03.18"]
[Board "73"]
[PlyCount "80"]

1.e4 g6 2.d4 Bg7 3.Nc3 a6 4.h4 h5 5.Be3 b5 6.Qd2 Bb7 7.f3 d6 8.Nh3 Nd7 9.
Ng5 Ngf6 10.O-O-O e6 11.Ne2 Nb6 12.Nf4 Qd7 13.g3 Nc4 14.Qd3 Nxe3 15.Qxe3 
Nh7 16.Bh3 Nxg5 17.hxg5 Qe7 18.Nd3 h4 19.gxh4 Rxh4 20.f4 Rh8 21.Rhg1 Bxd4 
22.Qxd4 Rxh3 23.e5 Rd8 24.Qa7 Bf3 25.Rde1 Bd5 26.f5 Rh2 27.fxg6 fxg6 28.
Nf4 dxe5 29.Rxe5 Qd6 30.Qe3 Bxa2 31.Nd3 Bc4 32.Rd1 Qc6 33.Rc5 Qb6 34.Qe5 
Qd6 35.Rxc7 Rxc2+ 36.Kb1 Bxd3 37.Qh8+ Qf8 38.Qxf8+ Kxf8 39.Rxd3 Rxb2+ 40.
Kxb2 Rxd3 0-1

[Event "20th EUR-ch"]
[Site "Skopje MKD"]
[Date "2019.03.24"]
[Round "6"]
[White "Muradli, Mahammad"]
[Black "Edouard, Romain"]
[Result "0-1"]
[WhiteElo "2444"]
[BlackElo "2658"]
[EventDate "2019.03.18"]
[Board "74"]
[PlyCount "70"]

1.d4 Nf6 2.c4 e6 3.Nf3 c5 4.d5 d6 5.Nc3 exd5 6.cxd5 g6 7.Bf4 a6 8.a4 Bg7 
9.h3 O-O 10.e3 Ne8 11.Be2 Nd7 12.O-O Rb8 13.Bh2 Qe7 14.Qc2 f5 15.Nd2 Ne5 
16.Rfe1 Bd7 17.a5 b5 18.axb6 Rxb6 19.f4 Nf7 20.e4 fxe4 21.Ndxe4 Bf5 22.Bd3
Qb7 23.Re2 Nc7 24.g4 Bxe4 25.Bxe4 Nb5 26.Rg2 Nxc3 27.bxc3 Rb3 28.Bxg6 hxg6
29.Qxg6 Qxd5 30.f5 Ne5 31.Bxe5 Qxe5 32.g5 Qe4 33.h4 Rb1+ 34.Rxb1 Qxb1+ 35.
Kh2 Qxf5 0-1

[Event "20th EUR-ch"]
[Site "Skopje MKD"]
[Date "2019.03.24"]
[Round "6"]
[White "Volokytin, Andriy"]
[Black "Radovanovic, Nikola"]
[Result "1-0"]
[WhiteElo "2635"]
[BlackElo "2426"]
[EventDate "2019.03.18"]
[Board "75"]
[PlyCount "61"]

1.e4 e6 2.d4 d5 3.Nc3 Bb4 4.e5 b6 5.Qg4 Bf8 6.Nf3 Ne7 7.Bg5 Qd7 8.a3 h6 9.
Bxe7 Qxe7 10.Nxd5 h5 11.Qh3 Qd7 12.Nc3 Nc6 13.O-O-O Ne7 14.Ng5 Bb7 15.d5 
Nxd5 16.Nxd5 exd5 17.Qxd7+ Kxd7 18.Nxf7 Rg8 19.Bd3 Bc5 20.Bg6 Ke6 21.Rhf1 
Ba6 22.f4 Bxf1 23.f5+ Ke7 24.Rxf1 Rgf8 25.e6 h4 26.Rf3 Bd4 27.Rh3 Bf6 28.
g4 d4 29.c3 dxc3 30.g5 Rxf7 31.exf7 1-0

[Event "20th EUR-ch"]
[Site "Skopje MKD"]
[Date "2019.03.24"]
[Round "6"]
[White "Druska, Juraj"]
[Black "Lagarde, Maxime"]
[Result "0-1"]
[WhiteElo "2434"]
[BlackElo "2631"]
[EventDate "2019.03.18"]
[Board "76"]
[PlyCount "40"]

1.e4 c5 2.Nf3 Nc6 3.d4 cxd4 4.Nxd4 Nf6 5.Nc3 d6 6.f3 e5 7.Nb3 Be7 8.Be3 
O-O 9.Qd2 a5 10.Bb5 Be6 11.O-O-O Nb4 12.a3 Qc7 13.axb4 Bxb3 14.cxb3 axb4 
15.Kb1 Qa5 16.Na4 Qxb5 17.Qd3 Qa5 18.Bb6 Qa6 19.Qe3 Rfc8 20.Rc1 Bd8 0-1

[Event "20th EUR-ch"]
[Site "Skopje MKD"]
[Date "2019.03.24"]
[Round "6"]
[White "Perunovic, Miodrag"]
[Black "Kobalia, Mikhail"]
[Result "0-1"]
[WhiteElo "2436"]
[BlackElo "2627"]
[EventDate "2019.03.18"]
[Board "77"]
[PlyCount "80"]

1.d4 Nf6 2.c4 g6 3.Nc3 Bg7 4.e4 O-O 5.Bd3 d6 6.Nge2 e5 7.d5 Nh5 8.O-O Nd7 
9.Be3 f5 10.exf5 gxf5 11.f4 exf4 12.Nxf4 Nxf4 13.Bxf4 Ne5 14.Qd2 Bd7 15.
Rae1 Qf6 16.Kh1 Rae8 17.Be2 a6 18.h3 h6 19.Nd1 Qh4 20.b3 Re7 21.Nf2 Ng6 
22.Bh2 f4 23.Bg4 Bxg4 24.Rxe7 Qxe7 25.Nxg4 h5 26.Qd3 hxg4 27.Qxg6 Qe2 28.
Qe6+ Qxe6 29.dxe6 g3 30.Bg1 Be5 31.c5 Re8 32.cxd6 cxd6 33.Rd1 Rxe6 34.Ba7 
Re8 35.Rc1 Bb2 36.Rf1 Re2 37.Rb1 Be5 38.a4 Kf7 39.Kg1 Ke6 40.Kf1 Rc2 0-1

[Event "20th EUR-ch"]
[Site "Skopje MKD"]
[Date "2019.03.24"]
[Round "6"]
[White "Indjic, Aleksandar"]
[Black "Hnydiuk, Aleksander"]
[Result "1-0"]
[WhiteElo "2620"]
[BlackElo "2417"]
[EventDate "2019.03.18"]
[Board "78"]
[PlyCount "51"]

1.e4 c5 2.Nf3 e6 3.d4 cxd4 4.Nxd4 Nc6 5.Nc3 a6 6.Nxc6 bxc6 7.e5 Qc7 8.Bf4 
f5 9.g4 Ne7 10.gxf5 Nxf5 11.Bd3 Rb8 12.Bxf5 exf5 13.Qd2 Rxb2 14.Rg1 Rb4 
15.Kf1 Qa5 16.Rg3 Rc4 17.Rb1 Bb4 18.Rxg7 Rxc3 19.Qe2 Qb5 20.Rxb4 Qxb4 21.
e6 Kf8 22.Bh6 Qb5 23.Rxh7+ Kg8 24.Rxh8+ Kxh8 25.Qxb5 axb5 26.e7 1-0

[Event "20th EUR-ch"]
[Site "Skopje MKD"]
[Date "2019.03.24"]
[Round "6"]
[White "Todorovic, Goran M"]
[Black "Martirosian, Haik"]
[Result "0-1"]
[WhiteElo "2429"]
[BlackElo "2616"]
[EventDate "2019.03.18"]
[Board "79"]
[PlyCount "98"]

1.e4 e6 2.d4 d5 3.Nd2 c5 4.exd5 Qxd5 5.Ngf3 cxd4 6.Bc4 Qd7 7.O-O Nc6 8.Nb3
a6 9.Nbxd4 Nxd4 10.Qxd4 Qxd4 11.Nxd4 b5 12.Bb3 Nf6 13.a4 b4 14.a5 Bd7 15.
Bc4 Bc5 16.Nf3 Bc6 17.Be3 Be7 18.Ne5 Bb7 19.Nd3 O-O 20.Rfc1 Rfc8 21.b3 Ne4
22.Ne5 Bf6 23.f4 g5 24.Ra4 gxf4 25.Bxf4 Be7 26.Re1 Bd5 27.Bd3 Nc5 28.Re3 
Kf8 29.Rg3 Bh4 30.Rg4 Nxa4 31.Rxh4 Nc5 32.Rxh7 Nxd3 33.Bh6+ Ke8 34.Nxf7 
Kd7 35.Ne5+ Kd6 36.Nxd3 Rxc2 37.Bf4+ e5 38.Bxe5+ Ke6 39.Rh6+ Kf5 40.Rh5+ 
Kg4 41.Rh7 Rxg2+ 42.Kf1 Rd2 43.Nxb4 Bxb3 44.Bc3 Rf8+ 45.Ke1 Rd1+ 46.Ke2 
Re8+ 47.Kf2 Re4 48.h3+ Kg5 49.Rg7+ Kf5 0-1

[Event "20th EUR-ch"]
[Site "Skopje MKD"]
[Date "2019.03.24"]
[Round "6"]
[White "Pashikian, Arman"]
[Black "Tica, Sven"]
[Result "1-0"]
[WhiteElo "2616"]
[BlackElo "2416"]
[EventDate "2019.03.18"]
[Board "80"]
[PlyCount "65"]

1.d4 d5 2.c4 e6 3.Nc3 Nf6 4.cxd5 exd5 5.Bg5 c6 6.e3 Be6 7.Bd3 Nbd7 8.f4 h6
9.Bh4 g5 10.fxg5 Ng4 11.Nf3 Be7 12.Qe2 hxg5 13.Bg3 Qb6 14.O-O O-O-O 15.Nb5
Rdg8 16.Bc7 Qa6 17.Bd6 Kd8 18.Bc7+ Kc8 19.Rfc1 Rh6 20.Nd6+ Kxc7 21.Bxa6 
Bxd6 22.Qb5 Nb6 23.Bxb7 Kb8 24.Rxc6 Bd7 25.Rac1 Bxc6 26.Bxc6 Rc8 27.h3 
Nxe3 28.a4 Bf4 29.a5 Nc4 30.Rxc4 dxc4 31.d5 Be3+ 32.Kf1 a6 33.Qxa6 1-0

[Event "20th EUR-ch"]
[Site "Skopje MKD"]
[Date "2019.03.24"]
[Round "6"]
[White "Romanov, Evgeny"]
[Black "Nikitenko, Mihail"]
[Result "0-1"]
[WhiteElo "2612"]
[BlackElo "2408"]
[EventDate "2019.03.18"]
[Board "81"]
[PlyCount "72"]

1.c4 e5 2.g3 Nf6 3.Bg2 c6 4.Nf3 e4 5.Nd4 Qb6 6.Nb3 a5 7.d3 d5 8.cxd5 a4 9.
N3d2 cxd5 10.O-O exd3 11.exd3 Be7 12.Nc3 Qa5 13.a3 Nc6 14.Nf3 O-O 15.Be3 
Bg4 16.Ne2 Qb5 17.Rb1 Bf5 18.Ne1 Rfd8 19.b4 axb3 20.Rxb3 Qa6 21.Bb6 Rd7 
22.Nd4 Nxd4 23.Bxd4 Qa4 24.Nf3 Bg4 25.Be5 Ne4 26.Re1 Nd2 27.Qxd2 Qxb3 28.
Nd4 Qb6 29.Qf4 Qg6 30.Nb5 Bf8 31.Bb2 h6 32.h4 Bf5 33.Nc3 Rad8 34.h5 Qg4 
35.Qd2 d4 36.Nb5 Qxh5 0-1

[Event "20th EUR-ch"]
[Site "Skopje MKD"]
[Date "2019.03.24"]
[Round "6"]
[White "Parvanian, Ashot"]
[Black "Goganov, Aleksey"]
[Result "1/2-1/2"]
[WhiteElo "2426"]
[BlackElo "2610"]
[EventDate "2019.03.18"]
[Board "82"]
[PlyCount "75"]

1.Nf3 d5 2.g3 c6 3.Bg2 Bg4 4.O-O Nd7 5.d3 Ngf6 6.h3 Bxf3 7.Bxf3 e5 8.e4 
Bc5 9.Nc3 dxe4 10.Nxe4 Nxe4 11.dxe4 O-O 12.Qe2 Qe7 13.a4 a5 14.h4 h6 15.
Kg2 Rfd8 16.Bd2 Nf8 17.Rfd1 Ne6 18.c3 Bb6 19.Bg4 Rd6 20.Be3 Bxe3 21.Qxe3 
Rad8 22.Qa7 Qc7 23.Rxd6 Rxd6 24.Bxe6 fxe6 25.Ra3 Rd7 26.Rb3 Rf7 27.c4 Kh7 
28.Rd3 c5 29.Rf3 Rxf3 30.Kxf3 Qd6 31.Qxb7 Qd3+ 32.Kg2 Qxc4 33.Qc6 Qc2 34.
Qxe6 Qxe4+ 35.Kh2 Qd4 36.Kg2 Qe4+ 37.Kh2 Qe2 38.Kg2 1/2-1/2

[Event "20th EUR-ch"]
[Site "Skopje MKD"]
[Date "2019.03.24"]
[Round "6"]
[White "Gordievsky, Dmitry"]
[Black "Drnovsek, Gal"]
[Result "1/2-1/2"]
[WhiteElo "2603"]
[BlackElo "2402"]
[EventDate "2019.03.18"]
[Board "83"]
[PlyCount "104"]

1.d4 Nf6 2.Nf3 d5 3.c4 e6 4.Nc3 Bb4 5.g3 O-O 6.Bg2 dxc4 7.O-O Nc6 8.a3 Be7
9.e4 Na5 10.Be3 Nb3 11.Rb1 c5 12.dxc5 Bxc5 13.Bxc5 Nxc5 14.Ne5 Qc7 15.Nxc4
Ncxe4 16.Nxe4 Nxe4 17.Rc1 Nf6 18.Qd6 Qxd6 19.Nxd6 Rd8 20.Rfd1 Kf8 21.Bxb7 
Bxb7 22.Nxb7 Rxd1+ 23.Rxd1 Ke7 24.Rc1 Nd5 25.Na5 Kd7 26.Kf1 g5 27.Rc5 Rc8 
28.Rxc8 Kxc8 29.Ke2 h5 30.Kd3 Kc7 31.Kd4 Nf6 32.h3 Nd7 33.Nc4 f6 34.b4 Kc6
35.a4 a6 36.Na3 h4 37.gxh4 gxh4 38.Nc4 Nf8 39.Na5+ Kb6 40.Nc4+ Kc6 41.Na5+
Kb6 42.Ke4 Ng6 43.f4 Ne7 44.Nc4+ Kc6 45.Ne3 f5+ 46.Kd4 Ng6 47.Ng2 Kd6 48.
b5 axb5 49.axb5 Nxf4 50.Nxf4 e5+ 51.Ke3 exf4+ 52.Kxf4 Kc5 1/2-1/2

[Event "20th EUR-ch"]
[Site "Skopje MKD"]
[Date "2019.03.24"]
[Round "6"]
[White "Stocek, Jiri"]
[Black "Kamer, Kayra"]
[Result "1-0"]
[WhiteElo "2592"]
[BlackElo "2397"]
[EventDate "2019.03.18"]
[Board "84"]
[PlyCount "87"]

1.d4 Nf6 2.c4 e6 3.Nc3 Bb4 4.e3 c5 5.Bd3 Nc6 6.Ne2 d6 7.O-O e5 8.Nd5 O-O 
9.Nec3 Bxc3 10.bxc3 Nxd5 11.cxd5 Ne7 12.dxc5 dxc5 13.c4 Qd6 14.Bb2 Ng6 15.
Qc2 f5 16.f3 Bd7 17.a4 Rae8 18.a5 Qe7 19.Qc3 Rf6 20.Qe1 Ra6 21.Kh1 Qg5 22.
Qd2 f4 23.exf4 exf4 24.Be4 Ne5 25.d6 Nxc4 26.Qd5+ Qxd5 27.Bxd5+ Be6 28.
Bxe6+ Rxe6 29.d7 Rad6 30.Rfd1 Nd2 31.Bc3 Re2 32.Ra2 Rxd7 33.Raxd2 Rexd2 
34.Rxd2 Rxd2 35.Bxd2 g5 36.h4 h6 37.hxg5 hxg5 38.g3 Kf7 39.gxf4 gxf4 40.
Bxf4 b5 41.Be3 c4 42.Bxa7 b4 43.Bc5 b3 44.Bd4 1-0

[Event "20th EUR-ch"]
[Site "Skopje MKD"]
[Date "2019.03.24"]
[Round "6"]
[White "Kacharava, Nikolozi"]
[Black "Nikolov, Momchil"]
[Result "1/2-1/2"]
[WhiteElo "2424"]
[BlackElo "2584"]
[EventDate "2019.03.18"]
[Board "85"]
[PlyCount "103"]

1.e4 c5 2.Nc3 e6 3.g3 Nc6 4.Bg2 g6 5.d3 Bg7 6.Be3 d6 7.Qd2 Rb8 8.Nge2 Nd4 
9.O-O b5 10.Nd1 b4 11.Nc1 Ne7 12.c3 bxc3 13.bxc3 Ndc6 14.Bh6 O-O 15.Bxg7 
Kxg7 16.Ne3 e5 17.f4 f6 18.Ne2 Be6 19.f5 Bf7 20.fxg6 hxg6 21.Bh3 Rh8 22.
Bg4 d5 23.exd5 Nxd5 24.Bf3 Nxe3 25.Qxe3 Qd6 26.Rfb1 Ne7 27.Nc1 Nd5 28.Bxd5
Bxd5 29.Rxb8 Rxb8 30.Nb3 Rc8 31.Nd2 Ba8 32.Ne4 Qc6 33.Rf1 f5 34.Qg5 Qe6 
35.Nd2 Rf8 36.h4 c4 37.dxc4 Rh8 38.Nf3 Bxf3 39.Rxf3 e4 40.Rf1 Qf6 41.Rb1 
Qxg5 42.hxg5 Rc8 43.Rb4 Kf7 44.Kf2 Ke6 45.Ra4 Rd8 46.Rxa7 Rd2+ 47.Kf1 Rc2 
48.Ra6+ Ke5 49.Ra5+ Kd6 50.Ra6+ Ke5 51.Ra5+ Kd6 52.Ra6+ 1/2-1/2

[Event "20th EUR-ch"]
[Site "Skopje MKD"]
[Date "2019.03.24"]
[Round "6"]
[White "Piesik, Piotr"]
[Black "Alonso Rosell, Alvar"]
[Result "1/2-1/2"]
[WhiteElo "2420"]
[BlackElo "2559"]
[EventDate "2019.03.18"]
[Board "86"]
[PlyCount "147"]

1.Nf3 c5 2.c4 Nc6 3.d4 cxd4 4.Nxd4 Nf6 5.Nc3 e6 6.Ndb5 d5 7.Bf4 e5 8.cxd5 
exf4 9.dxc6 bxc6 10.Qxd8+ Kxd8 11.Rd1+ Bd7 12.Nd6 Kc7 13.Nxf7 Rg8 14.Ne5 
Rb8 15.Nxd7 Nxd7 16.g3 Rxb2 17.Bh3 Nf6 18.O-O Bb4 19.Rc1 Re8 20.Bg2 Bxc3 
21.Rxc3 Rexe2 22.Rxc6+ Kd8 23.Bf3 Rec2 24.Rd1+ Ke7 25.Re1+ Kf7 26.Rxc2 
Rxc2 27.Bd1 Rc7 28.gxf4 Kg6 29.Kg2 Kf5 30.Kf3 Ng4 31.Kg3 Rc3+ 32.Kg2 Nf6 
33.Re7 Ra3 34.Bb3 Kg6 35.Re3 Ra5 36.Re5 Ra6 37.Rg5+ Kh6 38.Kf3 Rc6 39.Ra5 
Rc7 40.h3 Nh5 41.Ra6+ Nf6 42.Be6 Kh5 43.Kg2 Kh4 44.Ra4 Re7 45.f5+ Kg5 46.
h4+ Kh5 47.Kg3 Rc7 48.f3 Rb7 49.Ra6 Rc7 50.a3 Kh6 51.a4 Kh5 52.a5 Ne8 53.
Bd5 Nf6 54.Be4 Kh6 55.Rd6 Rc5 56.a6 Ra5 57.Bb7 Ra2 58.Rc6 Rb2 59.Bc8 Re2 
60.Kh3 Rd2 61.f4 Kh5 62.Rc7 Nd5 63.Rxg7 Nxf4+ 64.Kg3 Rg2+ 65.Kxf4 Rxg7 66.
Ke5 Rf7 67.f6 Kxh4 68.Be6 Rf8 69.Kf5 Kh5 70.f7 Kh6 71.Kf6 Rh8 72.Bd7 Rf8 
73.Be8 Rh8 74.Bd7 1/2-1/2

[Event "20th EUR-ch"]
[Site "Skopje MKD"]
[Date "2019.03.24"]
[Round "6"]
[White "Megalios, Konstantinos"]
[Black "Halkias, Stelios"]
[Result "0-1"]
[WhiteElo "2416"]
[BlackElo "2552"]
[EventDate "2019.03.18"]
[Board "87"]
[PlyCount "58"]

1.d4 d5 2.c4 e6 3.Nf3 a6 4.cxd5 exd5 5.Nc3 Nf6 6.Bg5 Be6 7.Qb3 Nbd7 8.Qxb7
Rb8 9.Qxa6 Rxb2 10.Rc1 Bb4 11.Bd2 Qb8 12.Qd3 O-O 13.g3 Ne4 14.Bg2 Bg4 15.
Rd1 Bxf3 16.exf3 Nxd2 17.Rxd2 Re8+ 18.Kd1 Bxc3 19.Qxc3 Rxa2 20.Kc1 Ra4 21.
Bf1 Qa7 22.Bd3 Nb6 23.Qc6 Re6 24.Qb5 Ra5 25.Qb3 Ra3 26.Qb5 Ra1+ 27.Bb1 Nc4
28.Ra2 Rxa2 29.Bxa2 Qa3+ 0-1

[Event "20th EUR-ch"]
[Site "Skopje MKD"]
[Date "2019.03.24"]
[Round "6"]
[White "Atakisi, Umut"]
[Black "Kelires, Andreas"]
[Result "1/2-1/2"]
[WhiteElo "2403"]
[BlackElo "2529"]
[EventDate "2019.03.18"]
[Board "88"]
[PlyCount "65"]

1.d4 Nf6 2.c4 e6 3.Nc3 Bb4 4.Qc2 O-O 5.a3 Bxc3+ 6.Qxc3 d6 7.Nf3 b6 8.Bg5 
Bb7 9.e3 h6 10.Bh4 g5 11.Bg3 Ne4 12.Qc2 f5 13.Nd2 Nxg3 14.hxg3 Qf6 15.
O-O-O Nd7 16.Nb1 Be4 17.Qd2 Bxb1 18.Kxb1 Kg7 19.Be2 Qe7 20.Bf3 Rad8 21.Bc6
Nf6 22.Qc2 Ng8 23.Rd2 Qf6 24.Rhd1 g4 25.Qa4 Qe7 26.Bb5 a5 27.Bc6 e5 28.Qb5
exd4 29.Rxd4 Rf7 30.Bd5 Rff8 31.Bc6 Rf7 32.Bd5 Rff8 33.Bc6 1/2-1/2

[Event "20th EUR-ch"]
[Site "Skopje MKD"]
[Date "2019.03.24"]
[Round "6"]
[White "Erenberg, Ariel"]
[Black "Thybo, Jesper Sondergaard"]
[Result "1/2-1/2"]
[WhiteElo "2394"]
[BlackElo "2525"]
[EventDate "2019.03.18"]
[Board "89"]
[PlyCount "59"]

1.d4 Nf6 2.c4 e6 3.Nf3 d5 4.Nc3 c6 5.Bg5 h6 6.Bh4 dxc4 7.e4 g5 8.Bg3 b5 9.
Be2 Bg7 10.e5 Nh5 11.a4 a6 12.Ne4 O-O 13.Nfxg5 Nxg3 14.hxg3 hxg5 15.Qc2 f5
16.exf6 Rxf6 17.Nxf6+ Qxf6 18.Qh7+ Kf8 19.Ra3 Ke7 20.Rf3 Qxd4 21.Qg8 Qxb2 
22.O-O Nd7 23.Re1 Kd6 24.Rf7 Bd4 25.Bg4 Ne5 26.Qf8+ Kd5 27.Qd8+ Kc5 28.
Qf8+ Kd5 29.Qd8+ Kc5 30.Qf8+ 1/2-1/2

[Event "20th EUR-ch"]
[Site "Skopje MKD"]
[Date "2019.03.24"]
[Round "6"]
[White "Nasuta, Grzegorz"]
[Black "Di Benedetto, Edoardo"]
[Result "1/2-1/2"]
[WhiteElo "2517"]
[BlackElo "2394"]
[EventDate "2019.03.18"]
[Board "90"]
[PlyCount "48"]

1.e4 e6 2.d4 d5 3.Nc3 Nf6 4.e5 Nfd7 5.f4 c5 6.Nf3 Nc6 7.Be3 a6 8.Ne2 b5 9.
c3 b4 10.cxb4 cxd4 11.Nexd4 Bxb4+ 12.Kf2 Nxd4 13.Bxd4 O-O 14.Rc1 Qe7 15.
Bd3 f6 16.g3 fxe5 17.Nxe5 Nxe5 18.Bxe5 Bd6 19.Re1 Bxe5 20.Rxe5 Qb4 21.Qc2 
Rxf4+ 22.Kg2 Rf6 23.Bxh7+ Kf8 24.Rf1 Bd7 1/2-1/2

[Event "20th EUR-ch"]
[Site "Skopje MKD"]
[Date "2019.03.24"]
[Round "6"]
[White "Ozen, Deniz"]
[Black "Potapov, Pavel"]
[Result "1/2-1/2"]
[WhiteElo "2393"]
[BlackElo "2517"]
[EventDate "2019.03.18"]
[Board "91"]
[PlyCount "50"]

1.e4 c5 2.Nf3 Nc6 3.Bb5 g6 4.O-O Bg7 5.Re1 Nf6 6.Bxc6 dxc6 7.d3 O-O 8.Bd2 
Nd7 9.Qc1 e5 10.Bh6 Re8 11.Bxg7 Kxg7 12.Nbd2 Nf8 13.Nc4 f6 14.h3 Ne6 15.
Qe3 b6 16.a4 a5 17.c3 Ba6 18.b3 Qc7 19.g3 Rad8 20.Kg2 Re7 21.Red1 Red7 22.
Qe2 Bc8 23.Qe3 Ba6 24.Qe2 Bc8 25.Qe3 Ba6 1/2-1/2

[Event "20th EUR-ch"]
[Site "Skopje MKD"]
[Date "2019.03.24"]
[Round "6"]
[White "Plenkovic, Zdenko"]
[Black "Zanan, Evgeny"]
[Result "0-1"]
[WhiteElo "2383"]
[BlackElo "2514"]
[EventDate "2019.03.18"]
[Board "92"]
[PlyCount "74"]

1.e4 e5 2.Nf3 Nc6 3.d3 Nge7 4.b4 Nxb4 5.Nxe5 d5 6.Ba3 Ng6 7.Nxg6 hxg6 8.c3
Nc6 9.Bxf8 Kxf8 10.Be2 Be6 11.Nd2 dxe4 12.Nxe4 Bd5 13.Qc1 Qe7 14.O-O Re8 
15.h3 g5 16.Bd1 Bxe4 17.dxe4 Ne5 18.Qe3 b6 19.Be2 g6 20.Rad1 Kg7 21.Rd5 c6
22.Rd4 Qf6 23.a4 Qf4 24.Qc1 Rh4 25.a5 Qf6 26.axb6 axb6 27.Rfd1 Ra8 28.Rd6 
Qe7 29.Qe3 b5 30.Qd4 Kh7 31.Qe3 Kg7 32.Qd4 Ra2 33.Rd7 Qf6 34.Rd6 Qe7 35.
Bg4 Ra4 36.Qe3 Nxg4 37.hxg4 Qxd6 0-1